000 00431nam a2200169Ia 4500
008 210423s2010 xx 000 0 und d
020 _a9788126914517
041 _aeng
082 _a809.3 HAWJ
100 _aHAWTHORN (Jeremy).
245 _aStudying the novel.
250 _a6
260 _aNew Delhi
_bAtlantic Publishers and Distributors
_c2010
300 _ax,274
_bPB
365 _b595
_cINR
906 _anovel. ; Studying
999 _c159352
_d159352